La fiscalidad y la libertad de movimiento de capitales en la Comunidad Europea (Record no. 8475)

MARC details
000 -LEADER
campo de control de longitud fija 00922nam a2200241 i 4500
001 - NÚMERO DE CONTROL
campo de control 8475
003 - IDENTIFICADOR DE NÚMERO DE CONTROL
campo de control ES-MaACL
005 - FECHA Y HORA DE LA ÚLTIMA TRANSACCIÓN
campo de control 20230906145450.0
008 - DATOS DE LONGITUD FIJA--INFORMACIÓN GENERAL
campo de control de longitud fija 920622s1990 sp ||||1| spa d
020 ## - NÚMERO INTERNACIONAL ESTÁNDAR DEL LIBRO
Número Internacional Estándar del Libro 84-7196-853-3
080 ## - NÚMERO DE LA CLASIFICACIÓN DECIMAL UNIVERSAL
Número de la Clasificación Decimal Universal 330.191.6(4)
080 ## - NÚMERO DE LA CLASIFICACIÓN DECIMAL UNIVERSAL
Número de la Clasificación Decimal Universal 336(4)
245 03 - MENCIÓN DEL TÍTULO
Título La fiscalidad y la libertad de movimiento de capitales en la Comunidad Europea
Resto del título : repercusiones para España /
Mención de responsabilidad, etc. por Asesoramiento y Dictámenes, S.A.
250 ## - MENCION DE EDICION
Mención de edición 2ª ed.
260 ## - PUBLICACIÓN, DISTRIBUCIÓN, ETC.
Lugar de publicación, distribución, etc. Madrid :
Nombre del editor, distribuidor, etc. Instituto de Estudios de Prospectiva,
Fecha de publicación, distribución, etc. 1990.
300 ## - DESCRIPCIÓN FÍSICA
Extensión XXXIV, 192 p. ;
Dimensiones 24 cm.
490 1# - MENCIÓN DE SERIE
Mención de serie Informes del Instituto de Estudios de Prospectiva ;
Designación de volumen o secuencia 1
650 14 - PUNTO DE ACCESO ADICIONAL DE MATERIA--TÉRMINO DE MATERIA
Término de materia o nombre geográfico como elemento de entrada Circulación de capitales-
Subdivisión geográfica Países de la Unión Europea.
9 (RLIN) 11047
710 2# - ENTRADA AGREGADA--NOMBRE DE ENTIDAD CORPORATIVA
Nombre de entidad corporativa o nombre de jurisdicción como elemento de entrada Instituto de Estudios de Prospectiva (Madrid)
9 (RLIN) 4897
830 1# - PUNTO DE ACCESO ADICIONAL DE SERIE-TÍTULO UNIFORME
Título uniforme Informes del Instituto de Estudios de Prospectiva ;
Designación de volumen o secuencia 1
9 (RLIN) 178147
852 ## - LOCALIZACIÓN
Ubicación ES-MaACL
Número de control de estantería L-15828
Holdings
Estatus retirado Estado de pérdida Estado de daño No para préstamo Biblioteca de origen Biblioteca actual Ubicación en estantería Fecha de adquisición Fuente de adquisición Total de préstamos Signatura topográfica completa Código de barras Visto por última vez Precio de reemplazo Tipo de ítem Koha
        Biblioteca del Ateneo de Madrid Biblioteca del Ateneo de Madrid Depósito 2 17/01/2008     L-15828 1008654 23/02/2023 23/02/2023 Libro impreso